LEADER 01004nam0-2200337---450 001 990008180660403321 005 20180730114506.0 010 $a88-141-1715-2 035 $a000818066 035 $aFED01000818066 035 $a(Aleph)000818066FED01 035 $a000818066 100 $a20050907d2005----km-y0itay50------ba 101 0 $aita 102 $aIT 105 $ay---n----00yy 200 1 $a<>tutela civile del giudice amministrativo$fMichele Didonna$gprefazione di Francesco Caringella 210 $aMilano$cGiuffrè$d2005 215 $aXIV, 368 p.$d21 cm 225 1 $aTeoria e pratica del diritto$hSez. 4.$iDiritto amministrativo$v74 676 $a342.450 664$v19$zita 700 1$aDidonna,$bMichele$0301569 801 0$aIT$bUNINA$gRICA$2UNIMARC 901 $aBK 912 $a990008180660403321 952 $aVI C 537$b6423$fDDA 952 $aDP XXVIII-249$fDEC 959 $aDDA 959 $aDEC 996 $aTutela civile del giudice amministrativo$9734126 997 $aUNINA